[Event "IECC CL7-2008.03 email"]
[Site "IECC email"]
[Date "2008.03.09"]
[Round "?"]
[White "Hintze, Russell P"]
[Black "Ross, Justin"]
[Result "1-0"]
[WhiteElo "1062"]
[BlackElo "1054"]
[PlyCount "57"]
[EventDate "2008.??.??"]
[EventType "tourn (corr)"]
[EventRounds "4"]
[SourceTitle "Corr 2013"]
[Source "ChessBase"]
[SourceDate "2012.11.12"]
[SourceVersion "1"]
[SourceVersionDate "2012.11.12"]
[SourceQuality "1"]
[WhiteTeam "Nicaragua"]
[BlackTeam "US of America"]
[WhiteTeamCountry "NCA"]
[BlackTeamCountry "USA"]

1. d4 d5 2. c4 e6 3. Nc3 Nf6 4. cxd5 exd5 5. Bg5 Bf5 6. Bxf6 Qxf6 7. Nxd5 Qe6 8. Nxc7+ Kd7 9. Nxe6 Bb4+ 10. Qd2 Bxd2+ 11. Kxd2 Kxe6 12. Rc1 Nd7 13. f3 Ke7 14. e4 Bg6 15. Rc7 Rab8 16. Bb5 Rhd8 17. Rxd7+ Rxd7 18. Bxd7 Kxd7 19. Ne2 Rc8 20. h4 h5 21. Nf4 Rc4 22. Nxg6 fxg6 23. Rd1 Rxd4+ 24. Ke2 a5 25. Rxd4+ Kc6 26. e5 Kc5 27. Ke3 b5 28. e6 b4 29. e7 1-0

[Event "IECC CL7-2008.03 email"]
[Site "IECC email"]
[Date "2008.03.09"]
[Round "?"]
[White "Ross, Justin"]
[Black "Leino, Risto"]
[Result "1-0"]
[WhiteElo "1036"]
[BlackElo "1092"]
[PlyCount "55"]
[EventDate "2008.??.??"]
[EventType "tourn (corr)"]
[EventRounds "4"]
[SourceTitle "Corr 2013"]
[Source "ChessBase"]
[SourceDate "2012.11.12"]
[SourceVersion "1"]
[SourceVersionDate "2012.11.12"]
[SourceQuality "1"]
[WhiteTeam "Nicaragua"]
[BlackTeam "US of America"]
[WhiteTeamCountry "NCA"]
[BlackTeamCountry "USA"]

1. e4 c5 2. Nf3 d6 3. c3 Nf6 4. Bc4 e6 5. d4 Nxe4 6. Bb5+ Bd7 7. Bd3 f5 8. 0-0 Be7 9. Be3 0-0 10. Nbd2 Bc6 11. Re1 Bg5 12. Nc4 f4 13. Bc1 b5 14. Bxe4 Bxe4 15. Rxe4 d5 16. Re5 Rf5 17. Rxf5 exf5 18. Nce5 Bf6 19. Nd3 c4 20. Nc5 Qe7 21. Bxf4 Nc6 22. Qd2 Re8 23. g3 Nd8 24. Kg2 Ne6 25. Re1 g5 26. Rxe6 Qf7 27. Qe3 Rxe6 28. Nxe6 1-0

[Event "IECC CL8-2007.06 email"]
[Site "IECC email"]
[Date "2007.10.29"]
[Round "?"]
[White "Mitchell, TT."]
[Black "Ross, Justin"]
[Result "0-1"]
[WhiteElo "927"]
[BlackElo "1000"]
[PlyCount "38"]
[EventDate "2007.??.??"]
[EventType "tourn (corr)"]
[EventRounds "4"]
[SourceTitle "Corr 2011"]
[Source "ChessBase"]
[SourceDate "2010.08.31"]
[SourceVersion "1"]
[SourceVersionDate "2010.08.31"]
[SourceQuality "1"]
[WhiteTeam "Italy"]
[BlackTeam "Chile"]
[WhiteTeamCountry "ITA"]
[BlackTeamCountry "CHI"]

1. e4 c5 2. c4 d5 3. Qf3 e6 4. cxd5 exd5 5. Bb5+ Nc6 6. exd5 a6 7. Qe4+ Qe7 8. Qxe7+ Ngxe7 9. dxc6 axb5 10. cxb7 Bxb7 11. f3 Nd5 12. Ne2 b4 13. 0-0 Bd6 14. Kh1 0-0 15. g3 Rfe8 16. Ng1 Ba6 17. Rd1 Bd3 18. a3 f6 19. f4 Be4+ 0-1